<?xml version="1.0" encoding="UTF-8"?>
<record
    xmlns:xsi="http://www.w3.org/2001/XMLSchema-instance"
    xsi:schemaLocation="http://www.loc.gov/MARC21/slim http://www.loc.gov/standards/marcxml/schema/MARC21slim.xsd"
    xmlns="http://www.loc.gov/MARC21/slim">

  <leader>00762nam a22001937a 4500</leader>
  <controlfield tag="001">10034</controlfield>
  <controlfield tag="003">FISKH</controlfield>
  <controlfield tag="005">20260401101619.0</controlfield>
  <controlfield tag="008">260331b        cb ||||| |||| 00| 0 eng d</controlfield>
  <datafield tag="020" ind1=" " ind2=" ">
    <subfield code="a">9787802467538</subfield>
  </datafield>
  <datafield tag="040" ind1=" " ind2=" ">
    <subfield code="a">FISKH</subfield>
    <subfield code="b">chi</subfield>
    <subfield code="c">FISKH</subfield>
    <subfield code="d">FISKH</subfield>
  </datafield>
  <datafield tag="082" ind1=" " ind2=" ">
    <subfield code="a">895.1</subfield>
  </datafield>
  <datafield tag="100" ind1=" " ind2=" ">
    <subfield code="a">&#x738B;&#x664B;&#x5143;</subfield>
  </datafield>
  <datafield tag="245" ind1=" " ind2=" ">
    <subfield code="a">&#x7A7A;&#x623F;&#x5B50; ( The empty house ) /</subfield>
    <subfield code="c">&#x738B;&#x664B;&#x5143;</subfield>
  </datafield>
  <datafield tag="300" ind1=" " ind2=" ">
    <subfield code="a">32 unnumbered pages : </subfield>
    <subfield code="b">color illustrations ;</subfield>
    <subfield code="c">25 cm . </subfield>
  </datafield>
  <datafield tag="520" ind1=" " ind2=" ">
    <subfield code="a">&#x8FD9;&#x662F;&#x4E00;&#x672C;&#x6E29;&#x6696;&#x7684;&#x513F;&#x7AE5;&#x7ED8;&#x672C;&#xFF0C;&#x8BB2;&#x8FF0;&#x4E00;&#x95F4;&#x5B64;&#x72EC;&#x7684;&#x7A7A;&#x623F;&#x5B50;&#x60F3;&#x5BFB;&#x627E;&#x966A;&#x4F34;&#x7684;&#x6545;&#x4E8B;&#x3002;&#x5C0F;&#x8001;&#x9F20;&#x3001;&#x5C0F;&#x72D7;&#x3001;&#x5C0F;&#x9E1F;&#x7B49;&#x5148;&#x540E;&#x6765;&#x5230;&#x53C8;&#x79BB;&#x5F00;&#xFF0C;&#x76F4;&#x5230;&#x6D41;&#x6D6A;&#x6C49;&#x7684;&#x51FA;&#x73B0;&#x5E26;&#x6765;&#x610F;&#x60F3;&#x4E0D;&#x5230;&#x7684;&#x7ED3;&#x5C40;&#x3002;&#x6545;&#x4E8B;&#x5F15;&#x5BFC;&#x5B69;&#x5B50;&#x5B66;&#x4F1A;&#x9762;&#x5BF9;&#x5931;&#x843D;&#x4E0E;&#x632B;&#x6298;&#xFF0C;&#x57F9;&#x517B;&#x79EF;&#x6781;&#x60C5;&#x7EEA;&#x3002;</subfield>
  </datafield>
  <datafield tag="942" ind1=" " ind2=" ">
    <subfield code="2">ddc</subfield>
    <subfield code="c">BOOK</subfield>
    <subfield code="n">0</subfield>
  </datafield>
  <datafield tag="999" ind1=" " ind2=" ">
    <subfield code="c">10034</subfield>
    <subfield code="d">10034</subfield>
  </datafield>
  <datafield tag="952" ind1=" " ind2=" ">
    <subfield code="0">0</subfield>
    <subfield code="1">0</subfield>
    <subfield code="2">ddc</subfield>
    <subfield code="4">0</subfield>
    <subfield code="7">0</subfield>
    <subfield code="8">REF</subfield>
    <subfield code="a">002</subfield>
    <subfield code="b">002</subfield>
    <subfield code="c">LSHTTP</subfield>
    <subfield code="d">2026-03-31</subfield>
    <subfield code="l">0</subfield>
    <subfield code="o">&#x8336;&#x8336; 895.1</subfield>
    <subfield code="p">2026-0413</subfield>
    <subfield code="r">2026-03-31 11:23:11</subfield>
    <subfield code="w">2026-03-31</subfield>
    <subfield code="y">BK</subfield>
  </datafield>
</record>
